000 00535nam a2200205Ia 4500
005 20250923145814.0
008 008 250917s9999 xx 000 0 eng d
037 _aTextual
040 _aDSWL
_beng
_cDSWL
041 _aeng
_2eng
084 _azG, N85
_qDSWL
100 _aChaudhary, G.P.
_9839117
245 0 _aRelevance of Gandhism
_cby G.P.Chaudhary
260 _aDelhi
_b Capital
_c1985
300 _a136p.
365 _aINR
_b90.00
925 _g90.00
942 _cTEXL
_hzG, N85
999 _c1455918
_d1455918